| 000 | 02215nam0a2200385 4500 | ||
|---|---|---|---|
| 001 | RU\NLR\bibl\797262 | ||
| 005 | 20260407112916.0 | ||
| 010 |
_a5-230-20203-3 _9130 |
||
| 021 |
_aRU _b2005-5877 _9298 |
||
| 035 | _a(NLR Aleph) 000786461 | ||
| 090 |
_a1094631 _c1094631 |
||
| 100 | _a20050511d2004 |||y0rusy50 ca | ||
| 101 | 0 |
_arus _aeng _axal _amon |
|
| 102 | _aRU | ||
| 105 | _ay ||||||||| | ||
| 200 | 1 |
_a"Джангар" в евразийском пространстве _d"Djanggar" in Eurasia _eматериалы международной научной конференции (27 сентября - 2 октября 2004 г.) _e[к 200-летию первой публикации калмыцкого героического эпоса "Джангар" _fредкол.: Борликов Г.М. (отв. ред.) и др.] _zeng |
|
| 210 |
_aЭлиста _cКалмГУ _d2004 |
||
| 215 |
_a332 с. _d29 |
||
| 300 | _aЗагл. также на калм. яз. | ||
| 300 | _aВ надзаг.: Правительство Респ. Калмыкия, М-во образования и науки Рос. Федерации, Калм. гос. ун-т, Рос. гуманит. науч. фонд | ||
| 300 | _aТекст докл. на рус., англ., калм. яз. и монгол. яз. | ||
| 320 | _aБиблиогр. в конце докл. | ||
| 510 | 1 |
_a"Djanggar" in Eurasia _zeng |
|
| 605 |
_a"Джангар" _jСборники _lкалмыцкий героический эпос _9964980 _3RU\NLR\auth\66361034 |
||
| 605 |
_a"Джангар" _jСъезды, совещания и т.п. _lкалмыцкий героический эпос _9964980 _3RU\NLR\auth\66361034 |
||
| 686 | _aШ3(235=Калм)-611 | ||
| 702 | 1 |
_aБорликов _bГ. М. _gГерман Манджиевич _4340 |
|
| 711 | 1 | 2 |
_a"Джангар" в евразийском пространстве", международная научная конференция _f2004 _eЭлиста _3RU\NLR\AUTH\8810064943 _9631456 |
| 801 | 0 |
_aRU _bNLR _c20050511 _grcr |
|
| 801 | 1 |
_aRU _bNLR _c20050511 |
|
| 942 | _cBOOK | ||
| 980 | _aNB | ||